00856naa a2200169 a 4500003000900000005001700009008004100026040001300067100001900080240002200099245011200121300004700233500001800280505027000298650002800568773009000596AR-MoUNM20150818114053.0150225b2001 ag ||||| |||| 00| 0 spa d cAR-MoUNM1 aGuber, Rosana.10aRecurso Accesible13aLa entrevista etnográfica o el arte de la "no directividad” /h[recurso electrónico] /cRosana Guber. aDatos electrónicos : (1 archivo : 89 KB) aCapítulo 4.0 aMaterial digitalizado preparado con fines de estudio o recreación, para uso exclusivo y personal de usuarios no videntes, o con otras discapacidades perceptivas. No está disponible para otros usuarios para proteger los derechos de autor en la normativa vigente. 7aTRABAJO SOCIAL2unescot0 0279aGúber, Rosana.tLa etnografía : gp. 75-100.dBogotá : Norma, 2001.o1211